[Event "Tata Steel-A 78th"]
[Site "Wijk aan Zee"]
[Date "2016.01.27"]
[Round "10"]
[White "Caruana, Fabiano"]
[Black "Wei, Yi"]
[Result "1-0"]
[WhiteElo "2787"]
[BlackElo "2706"]
[Annotator "Marin,M"]
[PlyCount "63"]
[EventDate "2016.01.16"]
[EventType "tourn"]
[EventRounds "13"]
[EventCountry "NED"]
[EventCategory "20"]
[SourceTitle "CBM 171"]
[Source "ChessBase"]
[SourceDate "2016.03.14"]
[SourceVersion "2"]
[SourceVersionDate "2016.03.14"]
[SourceQuality "1"]

1. e4 e5 2. Nf3 Nc6 3. Bb5 a6 4. Ba4 Nf6 5. O-O Nxe4 6. d4 b5 7. Bb3 d5 8. dxe5
Be6 9. c3 {Caruana chooses the old main line,} ({probably disappointed by his
recent draws with the fashionable} 9. Nbd2 Nc5 10. c3 Be7 11. Bc2 d4 12. Nb3 d3
13. Bb1 ({For} 13. Nxc5 {See the last round games Adams,M (2744)-So,W (2773)
Wijk aan Zee 2016 [Marin] (1/2-1/2, 33) and Carlsen,M (2844)-Ding Liren (2766)
Wijk aan Zee 2016 [Marin] (1/2-1/2, 99)}) 13... Nxb3 14. axb3 Bf5 15. Re1 O-O
16. Be3 (16. b4 Qd7 17. h3 Rfd8 18. g4 Bg6 19. Bf4 a5 {Caruana,F (2805)-Giri,A
(2773) Stavanger 2015 (1/2-1/2, 43)}) 16... Qd5 17. b4 Qd7 18. h3 Rfd8 19. g4
Be6 20. Bf4 h5 21. Re3 Bxg4 $1 {Caruana,F (2808)-Mamedyarov,S (2736) Baku 2015
(1/2-1/2, 40)}) 9... Be7 ({My only doubt is how would he have avoided a
transposition above after} 9... Nc5 10. Bc2 Bg4 11. Re1 Be7) 10. Bc2 Bg4 ({
The traditional move order is} 10... O-O {Beside 11.Nbd2, transposing to one
of the main lines, White tried} 11. Qe2 {in a few historic games:} Qd7 $1 {
Since White has deviated from the natural course of development, Black can
ignore the threat on e4.} ({Curiously, a few years ago the player who can be
considered the greatest Open Spanish specialist ever did not react too well in
two games against the same opponent:} 11... f5 12. exf6 Bxf6 13. Nbd2 Bf5 14.
Nxe4 Bxe4 15. Bxe4 dxe4 16. Qxe4 Qd7 17. Bf4 Rae8 18. Qc2 $16 {Bronstein,
D-Kortschnoj,V Leningrad 1962 (1-0, 39)}) (11... Nc5 12. Nd4 Qd7 13. Nd2 Nxd4
14. cxd4 Nb7 15. Nf3 $14 {Bronstein,D-Kortschnoj,V Leningrad 1962 (1/2-1/2, 24)
}) 12. Rd1 (12. Bxe4 dxe4 13. Qxe4 Bf5 14. Qf4 f6 $36 {[%csl Ge7,Gf5]}) 12...
f5 13. Nbd2 Kh8 14. Nb3 (14. Nxe4 $2 fxe4 15. Bxe4 dxe4 16. Rxd7 exf3 17. Qd3
Bxd7 18. Qxd7 Rad8 $19) 14... Bf7 15. Nbd4 Bh5 $13 16. Nxf5 $2 Qxf5 17. Rxd5
Bg6 $17 {Tal,M-Keres,P Moscow 1967 MCL [Dolmatov] (0-1, 30)}) 11. h3 Bh5 (11...
Bxf3 12. gxf3 Nc5 13. f4 Qd7 14. Qf3 Rd8 15. Rd1 f5 16. Be3 Qe6 17. Nd2 O-O 18.
Nb3 Na4 19. Rab1 Rd7 20. Kh1 g6 21. Bd3 $3 {The start of an instructive
manoeuvre, aimed at activating the only piece which was not doing anything
positive.} Bh4 22. Bf1 Rdd8 23. Bg2 $16 {Polgar,J (2540)-Huebner,R (2620)
Munich 1991 CBM 023 [Polgar,J] (1-0, 38)}) 12. g4 Bg6 13. Nd4 $146 ({Another
classical game went} 13. Bb3 Na5 (13... Nc5 14. Bxd5 (14. Qxd5 Na5 $44) 14...
Qd7 15. Bxc6 Qxc6 16. Nd4 Qb7 17. f4 h5 18. f5 hxg4 19. Qxg4 Bh5 $44 {[%cal
Ge8c8]} 20. Qg2 $2 Qxg2+ 21. Kxg2 Nd3 $17 {[%csl Gb2,Ge5]} 22. e6 c5 23. Nc6 (
23. Nf3 fxe6 24. fxe6 $2 Bxf3+ 25. Kxf3 Rf8+ 26. Kg2 Rxf1 27. Kxf1 Nxc1 $19)
23... Be2 24. Rh1 Bd6 $19 {with complete domination.}) 14. Bxd5 c6 15. Bxe4
Bxe4 16. Qxd8+ (16. Nd4) 16... Rxd8 17. Nbd2 Bd5 18. Re1 h5 19. Ne4 hxg4 20.
hxg4 Nc4 21. Kg2 $14 {Fischer,R-Olafsson,F Havana 1966 EXT 1999 [Bulletin] 
(1-0, 37)}) 13... Qd7 {Black should not hurry about strengthening the white
centre with an exchange on d4 before it is really necessary.} 14. f4 (14. f3
Nc5 15. Nf5 Ne6 16. f4 h5 {leads to a typical Open RL blockade.}) 14... Nxd4 $1
(14... f5 $6 15. e6) 15. cxd4 f5 16. Be3 ({Caruana must have rejected the more
natural} 16. Nc3 {on account of} fxg4 {when in certain lines the queen is
overloaded with the defence of the g4-square and the c2-bishop.} 17. Nxe4 (17.
hxg4 Nxc3 18. Bxg6+ {White is forced to open the h-file in order to keep g4
defended.} hxg6 19. bxc3 O-O-O $40 {[%cal Gh8h3]}) 17... Bxe4 18. Bxe4 dxe4 19.
hxg4 O-O-O 20. Be3 h5 $132) 16... O-O $6 {Too mild. Black should have used the
offered tempo to clear up matters on the kingside.} (16... h5 $5 17. g5 O-O (
17... h4 $5 {[%cal Gg6h5] looks principled, but it more or less forces Black
into castling long as otherwise the h4-pawn would be in danger.}) 18. Nc3 c6
19. Bxe4 $2 fxe4 $17 {[%csl Gf5]}) 17. Nc3 $1 {[%cal Gc3d5,Gc2b3] Suddenly
Black has serious problems of stability. The immediate threat is Nxd5.} c6 (
17... Nxc3 {does not solve all Black's problems. After} 18. bxc3 {he is doomed
to passivity as the attempts to free himself hand the initiative to White.} c5
(18... Rac8 19. Bb3 {[%cal Ga2a4]}) (18... c6 $14) 19. dxc5 Rac8 20. Bb3 Bf7
21. gxf5 Qxf5 22. Qg4 $36) 18. Bxe4 $1 dxe4 (18... fxe4 19. f5 {is crushing.})
19. d5 $1 b4 (19... cxd5 20. Qxd5+ Qxd5 21. Nxd5 {Black cannot defend his
bishop without losing the exchange.} Bd8 22. Rac1 Bf7 23. Rfd1 Be6 24. g5 $14 {
White is perfectly centralised while most of Black's pieces are passive and
his queenside weak.}) 20. dxc6 Qxd1 (20... Qxc6 21. Qd5+ {is even worse than
the previous line because in the end the b4-pawn would be hanging, but it was
maybe still preferable to the game continuation.}) 21. Nxd1 Rfd8 22. Rc1 {
White has a strong extra pawn and only needs to activate his knight to reach a
winning position.} Rd3 23. Bc5 (23. Kg2 $5 $18 {[%cal Gf1e1,Gd1f2]}) 23... Bd8
24. e6 Rc8 25. e7 Ba5 26. gxf5 Be8 $6 {Ignoring the f-pawns with the illusory
hope of eliminating the c6-pawn.} (26... Bxf5 27. Ne3 Bxh3 28. Rf2 $16 {
[%cal Ge3c4]}) 27. Nf2 Rd5 28. Nxe4 Bxc6 (28... Rxc6 29. Rfd1 Rxd1+ 30. Rxd1
$18 {[%csl Ge7]}) 29. Bxb4 $1 Bxb4 30. Rxc6 $1 Re8 31. f6 Rd4 32. Re6 {[%cal
Gf4f5,Gf6g7,Gf5f6]} 1-0

[Event "Candidates Tournament"]
[Site "Moscow"]
[Date "2016.03.11"]
[Round "1"]
[White "Nakamura, Hikaru"]
[Black "Caruana, Fabiano"]
[Result "1/2-1/2"]
[WhiteElo "2790"]
[BlackElo "2794"]
[Annotator "Sagar Shah/CB Website"]
[PlyCount "61"]
[EventDate "2016.03.11"]
[EventType "tourn"]
[EventRounds "14"]
[EventCountry "RUS"]
[EventCategory "22"]
[SourceTitle "CBM 172"]
[Source "ChessBase"]
[SourceDate "2016.05.12"]
[SourceVersion "1"]
[SourceVersionDate "2016.05.12"]
[SourceQuality "1"]

1. c4 c5 2. g3 g6 3. Bg2 Bg7 4. e3 $5 {While Nf3 and Nc3 are the main moves in
this position, e3 is not very uncommon. White's idea is simple that he wants
to play an immediate d4 or Nge2 followed by d4 and for that he doesn't need to
develop his b1-knight.} e6 {Fabiano wants to keep the game in uncharted
territory. ...Nf6 and ...Nc6 are both more popular.} (4... Nf6 5. d4 (5. Ne2
O-O 6. Nbc3 {might soon lead to a main line in the English.}) 5... cxd4 6. exd4
d5 {looks great for Black.}) 5. d4 cxd4 6. exd4 Ne7 7. d5 $5 exd5 8. cxd5 d6 {
Interesting comments were made about this position by Miroshnichenko,
Kosteniuk and Gelfand. As Kosteniuk and Miro said, "It's a tradeoff between
having more space with the pawn on d5 and the open bishop on g7. What is more
important? It is not so easy to decide!" Boris had some other important points
to make. "Black would have been completely fine if the black knight would have
been on f6 instead of e7. As things stand right now, the f5-square is the best
for both the knight and the c8-bishop and that in some ways hinders Black's
development."} 9. Nc3 Nd7 10. Nf3 O-O 11. O-O h6 $5 {An intersting move
preventing ideas like Bg5 and getting ready to play g6-g5 at an appriopriate
moment.} 12. h4 $5 {White nips the g5 idea in the bud. But everything comes at
a cost. This move weakens the g4-square and the c8-bishop would like to reach
there soon.} Nc5 13. Re1 Bg4 {Now things look quite smooth for Fabi. The
knight is coming to f5 and the queen to f6 and the rooks to c8 and e8.
Suddenly all the co-ordination issues seem to have been solved, or have they?!}
14. Bf4 Nf5 15. Qd2 Bxf3 (15... Qf6 16. Nh2 {makes the bishop on g4 looks
silly and hence taking on f3 was the right choice.}) 16. Bxf3 Qf6 17. Rac1 {
This move prepares b4. After the knight on c5 is displaced, the c3-knight
jumps to e4. Black might have got his pieces co-ordinated but the bishop pair,
combined with the space always give the first player some better chances.} a5
18. Nb5 $1 {Nakamura is never averse when it comes to tactical complications.
He sees that exchanging the b2 pawn for the guy on d6 would be a good deal.}
Qxb2 19. Qxb2 Bxb2 20. Rc2 Bf6 21. Bxd6 (21. Nxd6 {looks natural but fails to}
Nd4 $1 {The knight on b5 keeps this possibility under check.}) 21... Nxd6 22.
Nxd6 (22. Rxc5 b6 23. Rc6 Nxb5 24. Rxf6 $14 {might also be a position to
explore for White, especially because Black cannot get his blockade on d6.})
22... b6 23. Rb1 Rab8 24. Nc4 (24. h5 $5 {Throwing in this move at some point
would have created an additional tension in the position that would have been
to White's advantage. It is a Karpovian move whose benefits are not so
apparent in the current position. But later, when the rooks penetrate, the
possibility of opening the seventh rank with hxg6 fxg6 might play an important
role.}) 24... Na4 25. Bg4 $6 {Black equalises after this inaccurate move.} (25.
Ne3 Nc3 26. Rb3 Rfc8 {also looks pretty much fine for Black.}) (25. h5 $5)
25... Rfd8 $1 {Attacking the d5-pawn.} 26. d6 h5 $1 27. Bh3 b5 28. Nxa5 Rxd6
$11 29. Nc6 Rb6 30. Nb4 Nc3 31. Rb3 {Nakamura had really got the pressure
going in the position. But he couldn't sustain it. One wrong move and Caruana
was right back and made what looked like an effortless draw.} 1/2-1/2

[Event "Candidates Tournament"]
[Site "Moscow"]
[Date "2016.03.16"]
[Round "5"]
[White "Aronian, Levon"]
[Black "Caruana, Fabiano"]
[Result "1/2-1/2"]
[WhiteElo "2786"]
[BlackElo "2794"]
[Annotator "Marin,M"]
[PlyCount "59"]
[EventDate "2016.03.11"]
[EventType "tourn"]
[EventRounds "14"]
[EventCountry "RUS"]
[EventCategory "22"]
[SourceTitle "CBM 172"]
[Source "ChessBase"]
[SourceDate "2016.05.12"]
[SourceVersion "1"]
[SourceVersionDate "2016.05.12"]
[SourceQuality "1"]

1. d4 Nf6 2. c4 e6 3. Nf3 c5 4. d5 d6 5. Nc3 exd5 6. cxd5 g6 7. e4 Bg7 8. Be2 {
Classical systems never lose their actuality, even though other systems (such
as h3 and Bd3 or Bf4/h3) enjoy long periods of being in the limelight.} O-O 9.
O-O Re8 10. Nd2 Nbd7 11. Qc2 {This used to be the fashion in the '70s.} ({
But after several historic games at the top level, White eventually switched to
} 11. a4 {. The main thing is that unlike most other pieces, the queen is well
placed on its initial square, keeping the control over the d1-h5 diagonal and
adding latent force to the d5-pawn. Here are two relatively recent examples:}
a6 12. Ra3 (12. h3 {1-0 (31) Atalik,S (2608)-Atanasov,R (2218) Golden Sands
2012 CBM 149 [Atalik,S]}) 12... Rb8 {1-0 (105) Drenchev,P (2511)-Atalik,S 
(2550) Paracin 2014 CBM 163 [Atalik,S]}) 11... Ne5 ({The eccentric but
possibly not entirely sound} 11... Nh5 {yielded Fischer his first win over
Spassky ever:} 12. Bxh5 gxh5 13. Nc4 Ne5 14. Ne3 Qh4 15. Bd2 Ng4 {Spassky,B 
(2660)-Fischer,R (2785) Reykjavik 1972 MainBase [ChessBase] (0-1, 41)}) ({
My perception was that the move putting an end to the 11.Qc2 line was} 11...
Nb6 {[%csl Ge2][%cal Gf6d5]} 12. Bb5 (12. Re1 {[%csl Gf2]} Ng4 13. h3 $2 Nxf2
$1 14. Kxf2 Bd4+ 15. Kf1 Qh4 16. Nd1 Bxh3 $40) (12. a4 Nfxd5 13. exd5 Bxc3 {
[%csl Ge2]}) 12... Bd7 13. a4 Bxb5 14. Nxb5 a6 15. Nc3 Nfd7 16. a5 Nc8 17. b3
Na7 18. Bb2 Nb5 {Polugaevsky,L (2620)-Mecking,H (2635) Luzern 1977 (1/2-1/2,
42)}) 12. b3 Bg4 $5 $146 {By offering the exchange of the light-squared
bishops Black wishes to solve his development problems. In the Benoni, his
minor pieces (with the exception of the g7-bishop) compete with each other for
comfortable developing squares.} ({Prior to his game with Polugaevsky, Mecking
had also tried} 12... g5 13. Bb2 g4 14. Rfe1 Nh5 15. Nd1 Nf4 16. Bb5 Rf8 17.
Ne3 Qg5 $132 {Kortschnoj,V (2670)-Mecking,H (2615) Augusta 1974 (1-0, 42)}) ({
After White has weakened the long diagonal, Fischer's idea looks sounder:} 
12... Nh5 $5 13. Bxh5 gxh5 14. Bb2 Bd7 15. Rae1 Qh4 16. f4 $2 Ng4 17. Nf3 Bd4+
$40 {Polugaevsky,L (2635)-Nunn,J (2515) Skara 1980 (0-1, 32)}) 13. Bxg4 (13. f3
{[%cal Re2h5] only apparently gains a tempo. In fact, it simplifies the
knight's access to h5.} Bd7 14. Bb2 (14. f4 $2 Neg4 15. Nc4 Nxe4 $19) 14... Nh5
$132) 13... Nfxg4 14. Bb2 a6 15. h3 Nf6 16. f4 Ned7 17. Nc4 {White has almost
completed his development and gained considerable space. His only problem is
that the b2-bishop is not optimally placed. By now, it is sort of hanging
along the long diagonal but later we will notice another negative aspect.} Nb6
{The typical reaction to the attack on d6 and a good one here!} (17... Qc7 $6 {
Offers White the needed tempo to start the same kind of attack as in the game
without allowing Black's freeing ...b7-b5.} 18. a4 Nb6 19. Rae1 Nxc4 20. bxc4
Nd7 21. e5 dxe5 22. f5 $36) ({But the provocative} 17... Qe7 $5 {[%csl Ge4]
may be playable:} 18. e5 dxe5 19. Rae1 (19. f5 $2 b5) 19... b5 (19... e4 20. d6
$14 {[%csl Ge4]} Qe6 $2 21. g4 $1 $16) 20. d6 {Of course the position looks
promising for White, but concretely things may not be entirely clear.} Qf8 $1 (
20... Qe6 $6 21. fxe5 Nh5 (21... bxc4 $2 22. exf6 $18 {[%csl Re6,Rg7]}) 22. Ne4
$3 bxc4 23. Ng5 Qd5 24. Rd1 cxb3 25. axb3 Qb7 (25... Qc6 26. Qc4 $40) 26. Rxf7
(26. Qc4 Nb6) 26... Qb5 {[%csl Gc4]} 27. e6 Bxb2 28. Qxb2 Rxe6 29. Nxe6 Kxf7
30. Nc7 Qc6 31. Nxa8 Qxa8 32. Re1 $36) 21. Nxe5 Qxd6 22. Rd1 Qe6 23. Nxd7 Nxd7
24. Nd5 Bxb2 25. Qxb2 $44) 18. Rae1 Nxc4 19. bxc4 Nd7 {In principle this
structure favours White, as the exchange on c4 has strengthened his centre.
But with the bishop on b2 he is not optimally prepared for the thematic attack
launched by Aronian. In many lines White will miss the Bg5, increasing his
kingside pressure.} 20. e5 ({It would be nice to insert} 20. a4 {before the
central break, but Black could use the offered tempo for activating his play:}
Bd4+ 21. Kh1 Qh4 $132 22. e5 $6 dxe5 23. f5 e4) 20... dxe5 21. f5 {Penrose,
J-Tal,M Leipzig ol (Men) fin-A 1960 (11) 1-0 A pawn sacrifice known ever since}
b5 $1 {Shattering White's stability in the centre before the intiative becomes
too strong.} (21... Nf6 $6 22. Bc1 $1 $36 {[%cal Gc1g5,Gc3e4]}) 22. Ne4 (22.
cxb5 axb5 23. Nxb5 Rxa2 $132) 22... Nb6 {The second knight lands on b6. A
brave decision as it seems as if Black is neglecting his kingside defence, but
the pressure on c4 and d5 forces him to rush things or sacrifice material.} ({
The ultra-cautious} 22... Nf6 {is likely to offer White an edge:} 23. fxg6 fxg6
(23... hxg6 24. Qf2 Nxe4 25. Qxf7+ Kh7 26. Rxe4 Rf8 27. Bxe5 $1 Rxf7 28. Rxf7
Qf8 (28... Qg8 $4 29. Rh4#) 29. Rxg7+ Qxg7 30. Bxg7 Kxg7 31. Kf2 $16) 24. Nxf6+
Bxf6 25. cxb5 axb5 26. Qxc5 $14) 23. Bc1 {Humanly the most natural move. In
this case the engines' scepticism shows that they are still far from
exhausting our favourite game. White finally retrieves his complete harmony
but Black's counterplay is too advanced to allow the last move to yield an
advantage.} ({The simplistic} 23. cxb5 axb5 24. fxg6 fxg6 (24... hxg6 $2 25.
Rxf7 $3 $36 Kxf7 $2 26. Rf1+ Kg8 27. Nf6+ Bxf6 28. Qxg6+ Bg7 29. Rf7 $18) 25.
Qxc5 Na4 26. Qxb5 Nxb2 27. Qxb2 Qxd5 28. Rf2 {is a worthy alternative.
Personally I prefer White due to his strong knight, but the engines 0.00
evaluation is a bit depressing. True, the a2-pawn is vulnerable and Black has
some activity, but over the board White's position should be at least easier
to play.}) 23... Nxc4 {[%csl Gd5]} 24. d6 gxf5 $5 {A clever way to more or
less force a draw.} (24... Nxd6 $2 25. Rd1 Bf8 26. fxg6 hxg6 27. Bg5 $18) (
24... Ra7 25. Bg5 f6 26. Bh4 $44) 25. Rxf5 Nxd6 26. Bg5 Qa5 $1 {[%csl Ge1]
That is the point: due to his hanging rooks White does not have anything
better than repeating the moves.} 27. Bd2 Qd8 (27... Qb6 28. Nf6+ Bxf6 29. Rxf6
{[%cal Gd2h6,Gc2f2]} c4+ 30. Be3 Qc7 31. Qf2 $36) (27... Qc7 28. Nf6+ Bxf6 29.
Rxf6 Qe7 30. Bg5 $36) 28. Bg5 Qa5 29. Bd2 Qd8 30. Bg5 1/2-1/2